| 000 | 00592nam a2200181Ia 4500 | ||
|---|---|---|---|
| 005 | 20250326141415.0 | ||
| 008 | 250326s9999 xx 000 0 und d | ||
| 037 | _aTextbook | ||
| 040 |
_aFMSL _beng _cFMSL |
||
| 041 |
_aeng _2eng |
||
| 084 |
_aX8(F182).44 L4;1 _qFMSL |
||
| 100 | _aNational Productivity Council | ||
| 245 | 0 |
_aProductivity trends in Iron and steel Industry of India _cNational Productivity Council |
|
| 260 |
_aNew Delhi _bNew Delhi, National Productivity Council _c1974 |
||
| 300 | _a76p | ||
| 942 |
_cTB _hX8(F182).44 L4;1 |
||
| 999 |
_c1290158 _d1290158 |
||